| 000 | 00568nam a2200181 4500 | ||
|---|---|---|---|
| 001 | 123895 | ||
| 003 | ES-MaACL | ||
| 005 | 20231228171731.0 | ||
| 007 | t| | ||
| 008 | 070214q1945 sp r ||||1| spa d | ||
| 100 | 1 |
_aRamírez Escudero, Manuel. _995146 |
|
| 245 | 1 | 0 |
_aRemansos _b: (poesías) / _cManuel Ramírez Escudero ; prólogo de Pedro Mourlane Michelena. |
| 260 |
_aBilbao : _bGrijelmo, _c[1945?] |
||
| 300 |
_a218 p. ; _c18 cm. |
||
| 700 | 1 |
_aMourlane Michelena, Pedro _983905 |
|
| 852 |
_aES-MaACL _jB-10337 _bR.22232 |
||
| 999 |
_c123895 _d123895 |
||